000 01116nam a2200253Ia 4500
003 Ost
005 20260416102354.0
008 260416s9999||||xx |||||||||||||| ||und||
040 _cfsecg
041 _aara
082 _a338.5
100 _aزيان، بغداد
_eمؤلف
245 0 _aمحاضرات في الإقتصاد الجزئي 1 -تحليل نظري وتطبيقي- /
_c بغداد زيان
260 _aالجزائر
_bجامعة الجزائر3: كلية العلوم الإقتصادية، العلوم التجارية وعلوم التسيير
_c2019
300 _a143 ورقة
_bايضاحات
_c30 سم
504 _aمراجع ص.142
520 _aنظرية الطلب و العرض، المرونات، توازن السوق، مدخل للمنفعة
653 _aالاقتصاد الجزئي
653 _aالعرض و الطلب
653 _aالمنفعة
653 _aتوازن السوق
710 _aجامعة الجزائر3: كلية العلوم الإقتصادية، العلوم التجارية وعلوم التسيير
_eناشر علمي
942 _cHANDOUT
999 _c41150
_d41150